Po vlastní ose. Hedvábnou stezkou na Střechu světa /
Cestopis autorky o její sedmiměsíční cestě autem skrze Asii, kterou podnikla v roce 2017. Vypráví o objevování krajiny i obyčejných lidí v Turkmenistánu, Uzbekistánu, Pamíru, velehorách Tádžikistánu a v neposlední řadě o kouzlu Hedvábné stezky.
Uloženo v:
| Série: | Po vlastní ose,
část 1 |
|---|---|
| Hlavní autor: | |
| Médium: | E-kniha |
| Jazyk: | Czech |
| Vydáno: |
V Brně :
CPress,
2021
|
| Vydání: | 1. vydání |
| Témata: | |
| Příbuzné jednotky: | Z cyklu::
Po vlastní ose |
| Tagy: |
Žádné tagy |
| LEADER | 02804nam a2200625 i 4500 | ||
|---|---|---|---|
| 001 | 311478 | ||
| 003 | CZ PrSKC | ||
| 005 | 20260601215706.0 | ||
| 007 | ta | ||
| 008 | 211103s2021 xr ab e 000 0 cze | ||
| 015 | |a cnb003369506 | ||
| 020 | |a 9788026439004 |q (vázáno) : |c Kč 349,00 | ||
| 035 | |a (OCoLC)1291384758 | ||
| 040 | |a BOA001 |b cze |d ABA001 |e rda | ||
| 043 | |a a-tk--- |a a-uz--- |a a-ta--- |a ac----- | ||
| 072 | 7 | |a 913(5) |x Geografie Asie, reálie, cestování |2 Konspekt | |
| 080 | |a 913:910.4 |2 MRF | ||
| 080 | |a 796.57:629.331 |2 MRF | ||
| 080 | |a 913(575.4) |2 MRF | ||
| 080 | |a 913(575.1) |2 MRF | ||
| 080 | |a 913(575.3) |2 MRF | ||
| 080 | |a (5-191.2) |2 MRF | ||
| 080 | |a (575.4) |2 MRF | ||
| 080 | |a (575.1) |2 MRF | ||
| 080 | |a (575.3) |2 MRF | ||
| 080 | |a (0:82-992) |2 MRF | ||
| 100 | 1 | |a Sedláčková, Jolana, |d 1988- |7 xx0266234 |4 aut | |
| 245 | 1 | 0 | |a Po vlastní ose. |p Hedvábnou stezkou na Střechu světa / |c Jolana Sedláčková |
| 246 | 3 | 0 | |a Hedvábnou stezkou na Střechu světa |
| 250 | |a 1. vydání | ||
| 264 | 1 | |a V Brně : |b CPress, |c 2021 | |
| 300 | |a 189 stran : |b barevné ilustrace, mapy ; |c 22 cm | ||
| 336 | |a text |b txt |2 rdacontent | ||
| 336 | |a statický obraz |b sti |2 rdacontent | ||
| 337 | |a bez média |b n |2 rdamedia | ||
| 338 | |a svazek |b nc |2 rdacarrier | ||
| 520 | 2 | |a Cestopis autorky o její sedmiměsíční cestě autem skrze Asii, kterou podnikla v roce 2017. Vypráví o objevování krajiny i obyčejných lidí v Turkmenistánu, Uzbekistánu, Pamíru, velehorách Tádžikistánu a v neposlední řadě o kouzlu Hedvábné stezky. | |
| 650 | 0 | 7 | |a cesty a pobyt |7 ph137578 |z Asie střední |2 czenas |
| 650 | 0 | 7 | |a autoturistika |7 ph391048 |z Asie střední |2 czenas |
| 650 | 0 | 9 | |a travels and stays |z Asia, Central |2 eczenas |
| 650 | 0 | 9 | |a automobile travel |z Asia, Central |2 eczenas |
| 651 | 7 | |a Turkmenistán |7 ge131145 |x reálie |2 czenas | |
| 651 | 7 | |a Uzbekistán |7 ge134560 |x reálie |2 czenas | |
| 651 | 7 | |a Tádžikistán |7 ge131168 |x reálie |2 czenas | |
| 651 | 9 | |a Turkmenistan |x description and travel |2 eczenas | |
| 651 | 9 | |a Uzbekistan |x description and travel |2 eczenas | |
| 651 | 9 | |a Tajikistan |x description and travel |2 eczenas | |
| 655 | 7 | |a cestopisy |7 fd131956 |2 czenas | |
| 655 | 9 | |a books of travels |2 eczenas | |
| 787 | 0 | 8 | |i Z cyklu: |t Po vlastní ose |g 1 |
| 900 | |a ABA001 |b 21 | ||
| 044 | |a xr | ||
| 910 | |a RBIT002 | ||
| 998 | |d 341022 |a https://core.palmknihy.cz/api/books/341022/cover?si7yho |b https://core.palmknihy.cz/api/books/341022/cover/400?si7yho |c https://core.palmknihy.cz/api/books/341022/cover/50?si7yho |e 2031-12-31 |g 192 |i 9788026439004 |j https://core.palmknihy.cz/api/books/341022/preview.epub |k https://core.palmknihy.cz/api/books/341022/preview.pdf |l |q 49 |r 1 |s https://www.palmknihy.cz/kniha/341022 |t ebook |y 2021 |z 0 |v Po vlastní ose |w 1 | ||
| 999 | |d 311476 | ||